000 00834nam a2200265 a 4500
001 57450
003 BD-RjUL
005 20211209080520.0
008 161210s2016 nyua ob 001 0 eng d
020 _z9789849172048
035 _aBD-RjUL 57574
035 _a(OCoLC)769755423
040 _aE7B
_beng
_cE7B
_dOCLCQ
_dYDXCP
_dUKMGB
_dGW5XE
041 _aeng
082 0 4 _a519.5
_223
_bIMI 2016
100 1 _aImon, A.H.M. Rahmatullah
_9170603
245 1 0 _aIntroduction to Environmental Statistics /
_c A.H.M. Rahmatullah Imon
250 _a1st ed.
260 _aDhaka :
_bNandita Prokash,
_c2016
300 _a167 p :
_bill. ;
_c21 cm.
650 0 _aProbabilities
_v Air Pollution
_xStatistical methods
_9170604
942 _2ddc
_cBK
956 4 1 _uhttp://libraries.mit.edu/get/springer-ebooks
999 _c57450
_d57450